Diseño de un modelo para jerarquización de la Red Vial Cantonal dentro de la Gran Área Metropolitana
Sparad:
| Huvudupphovsman: | |
|---|---|
| Övriga upphovsmän: | |
| Materialtyp: | Okänd |
| Språk: | Spanish |
| Publicerad: |
[San José ], Costa Rica
2019
|
| Ämnen: | |
| Taggar: |
Lägg till en tagg
Inga taggar, Lägg till första taggen!
|
MARC
| LEADER | 00000 a2200000 4500 | ||
|---|---|---|---|
| 003 | 013169 | ||
| 005 | 20230626094052.0 | ||
| 008 | 140114s2019 cr a m 000 ||spa d | ||
| 040 | |c cru CEDI | ||
| 100 | |a Vega Sánchez, Mey Lin, 1995- |9 758 | ||
| 245 | |a Diseño de un modelo para jerarquización de la Red Vial Cantonal dentro de la Gran Área Metropolitana | ||
| 260 | |a [San José ], Costa Rica |b |c 2019 | ||
| 500 | |a Proyecto de graduación (licenciatura en ingeniería civil)--Universidad de Costa Rica. Facultad de Ingeniería. Escuela de Ingeniería Civil. Departamento. Transportes | ||
| 501 | |a Director de Proyecto de Graduación. Ing. Roy Barrantes Jiménez MSc., PMP® | ||
| 650 | |x PLANIFICACION DE CARRETERAS - GRAN AREA METROPOLITANA (COSTA RICA) |x CONSTRUCCION DE CARRETERAS - MODELOS DE EVALUACION - GRAN AREA METROPOLITANA (COSTA RICA) |x INGENIERIA DE CARRETERAS - INVESTIGACIONES - GRAN AREA METROPOLITANA (COSTA RICA) | ||
| 700 | |9 255 |a Barrantes Jiménez, Roy, 1971- |d Director del TFG | ||
| 942 | |c CEDI |h TFG 8319 |6 TFG_8319_000000000000000 | ||
| 999 | |c 11784 |d 11784 | ||
